Three Letter 'D' Words Quiz Stats

Quiz Updated Sep 25, 2016

Challenge
Share
Tweet
Embed
Score 0/55 Timer 03:00
1 Play Today
Word % Correct
dab
94.5%
dam
94.3%
dan
93.3%
dad
93.1%
dag
90.8%
dap
90.6%
den
90%
day
89.6%
din
87.9%
daw
87.4%
dig
87%
dip
86.3%
das
85.7%
dal
85.7%
dew
85.6%
dim
85.5%
did
84.9%
dog
84%
deb
83.2%
die
83.2%
don
82.6%
dah
82.5%
dak
81.3%
dot
80.4%
dib
80.3%
del
79.9%
dit
79.4%
dep
79.1%
Word % Correct
def
78.4%
dis
77.1%
dee
76.4%
doe
75.3%
dom
73.5%
dif
72.8%
dey
70.3%
dev
69%
dex
67.9%
dos
66.8%
doc
66.4%
dow
66.4%
dol
66.3%
dor
64%
doh
62.8%
dug
62.8%
dun
62.4%
dub
61%
dud
60.3%
due
57.4%
dum
57.3%
duh
45.6%
dup
45.6%
duo
39.1%
dye
38.7%
dry
34.1%
dui
33.2%

You're not logged in!

Compare scores with friends on all Sporcle quizzes.
Sign Up with Email
OR
Log In

You Might Also Like...

Show Comments

Extras

Top Quizzes Today


Score Distribution

Your Account Isn't Verified!

In order to create a playlist on Sporcle, you need to verify the email address you used during registration. Go to your Sporcle Settings to finish the process.